|
|
|
|
| LEADER |
00743nam a2200205Ia 4500 |
| 001 |
CTU_129146 |
| 008 |
210402s9999 xx 000 0 und d |
| 020 |
|
|
|c 18000
|
| 082 |
|
|
|a 632.9
|
| 082 |
|
|
|b Ch312/Q.32
|
| 100 |
|
|
|a Nguyễn, Mạnh Chinh
|
| 245 |
|
0 |
|a Trồng - chăm sóc và phòng trừ sâu bệnh rau ăn quả :
|
| 245 |
|
0 |
|b (Cà chua, cà, dưa leo, khổ qua, mướp, bí xanh, bí đỏ)
|
| 245 |
|
0 |
|c Nguyễn Mạnh Chinh, Phạm Anh Cường
|
| 260 |
|
|
|a Thành phố Hồ Chí Minh
|
| 260 |
|
|
|b Nông nghiệp
|
| 260 |
|
|
|c 2007
|
| 650 |
|
|
|a Diseases and pests,Fruit trees,Plant protection
|
| 904 |
|
|
|i Tuyến
|
| 980 |
|
|
|a Trung tâm Học liệu Trường Đại học Cần Thơ
|